00378dam a22001097a 4500999001500000008004100015100001900056245003300075260005100108500000900159952010000168 c2985d2985190528e1976 cl ||||| |||| 00| 0 spa d aPumarino, Hugo aEndocrinologia y metabolismo aSantiago [Chile]bEditorial Andres Belloc1976 aBaja 00102ddc40517195763aBFMbBFMd2019-05-28l0p857r2019-05-28tEj. 1w2019-05-28yBKzBaja